| 000 | 00518nam a2200157Ia 4500 | ||
|---|---|---|---|
| 008 | 170221s9999 xx 000 0 und d | ||
| 100 | _aJianpo Li | ||
| 245 | _aQuantum Genetic Energy Efficient Iteration Clustering Routing Algorithm for Wireless Sensor Networks | ||
| 245 | _cJianpo Li and Junyuan Huo. | ||
| 260 | _bJournal of Communications | ||
| 260 | _c2014 | ||
| 300 | _a2 : | ||
| 650 | _xCommunication | ||
| 650 | _xMedia Arts | ||
| 856 | _uhttp://www.jocm.us/index.php?m=content&c=index&a=lists&catid=169 | ||
| 999 |
_c308775 _d308775 |
||